000
00273nam a2200109Ia 4500
005
20251222114351.0
008
251222s1900||||xx |||||||||||||| ||spa||
082
_a
DVD0098/M22/1992
245
0
_a
El Ășltimo de los mohicanos
264
_b
Morgan Creek Productions
942
_c
DVD
999
_c
1235
_d
1235